=LDR 00000nam 2200000 4500 =001 NUTBA000000000002356 =005 20140612153639.0 =006 =007 =008 =020 ##$$a 979-004-027-X =035 ##$$a 0010-061400000000299 =040 ##$$a NBPDMAT =082 ##$$a 633.72 =090 ##$$a 633.72 $b Tan m =100 ##$$a Tanti Setiawati =245 ##$$a Mengenal teh dan khasiatnya / $c Tanti Setiawati ; penyunting, Ayatullah =260 ##$$a Jakarta : $b Karya Mandiri Pratama, $c 2007 =300 ##$$a iv, 52 hlm. : $b ilus. ; $c 21 cm. =500 ##$$a Bibliografi : hlm. 51 =650 ##$$a Teh =700 ##$$a Ayatullah =850 ##$$a NBPDMAT =990 ##$$a 21402537